Zodiac Symbols Quiz Stats

 Plays Quiz not verified by Sporcle

Challenge
Share
Tweet
Embed
Score 0/12 Timer 07:00
0 Plays Today
Sign Symbol % Correct
Leolion
94.3%
Piscesfish
94%
Taurusbull
92.4%
Scorpioscorpion
88.5%
Geminitwins
87.3%
Cancercrab
87%
Ariesram
76.7%
Virgovirgin
72.2%
Capricorngoat
68.3%
Sagittariusarcher
50.8%
Aquariuswater bearer
42.9%
LIbrabalance
36.6%

You're not logged in!

Compare scores with friends on all Sporcle quizzes.
Join for Free
OR
Log In

You Might Also Like...

Show Comments

Extras

Created Jan 7, 2010ReportFavoriteNominate
Tags:sign, symbol, zodiac

Top Quizzes Today


Score Distribution

Your Account Isn't Verified!

In order to create a playlist on Sporcle, you need to verify the email address you used during registration. Go to your Sporcle Settings to finish the process.

Report this User

Report this user for behavior that violates our Community Guidelines.

Details: